La infancia : Nacimiento y primeros estudios /

Guardado en:
Autor Corporativo: TVQ.
Formato: Deslizar
Materias:
Etiquetas: Agregar Etiqueta
Sin Etiquetas, Sea el primero en etiquetar este registro!
LEADER 01110ngm a22003135g 4500
001 CEM.cems022231
008 130507b1996##################0###0#####d
005 20241014152619.0
245 1 0 |a La infancia :  |b Nacimiento y primeros estudios /  |c TVQ. 
300 |a 55'. 
500 |a En soporte VHS, consultar en ventanilla. 
505 0 |a Infancia: cuidados. El niño como ser social. Conducta. Adaptación. Personalidad del niño. Relación entre tensión motora y personalidad. Infancia en distintas culturas. Formación del carácter. Relaciones familiares. El juego. 
538 |a Soporte: VHS - Norma: Pal N - Color - Grabación DRD 1996 - Hitachi=2248 
110 2 |a TVQ. 
082 3 0 |/ TVE 
653 |a PSICOLOGIA 
653 |a SOCIOLOGIA 
653 |a RELACIONES HUMANAS 
653 |a NACIMIENTO 
653 |a INFANCIA 
653 |a FAMILIA 
653 |a CONDUCTA 
653 |a PERSONALIDAD 
653 |a PUERICULTURA 
653 |a CARACTER 
653 |a JUEGO 
653 |a NIVEL PRIMARIO 
653 |a NIVEL SECUNDARIO 
859 |a CEMS  |b BIB. CEMS - Depto. Recursos Didacticos  |h 302  |i TVE  |k DRD  |p 874.12  |t Ej.1